|
|
|
|
| LEADER |
00000nab a2200000 a 4500 |
| 001 |
vtls000694863 |
| 003 |
SK-MaSNL |
| 005 |
20260304084836.0 |
| 008 |
250425c1999 xo 0 slo |
| 015 |
|
|
|a SNBRB1999/07-14386
|
| 035 |
|
|
|a CLN000047030
|
| 035 |
|
|
|a urn:nbn:sk:snk-ab6iyg
|
| 035 |
|
|
|a (uuid)50991498-6322-429a-b13d-32db40285da7
|
| 035 |
|
|
|a (urnnbn)urn:nbn:sk:snk:ar-004eyc
|
| 040 |
|
|
|a SNKBUCL
|b slo
|c SNKBUCL
|e AACR2
|
| 041 |
0 |
|
|a slo
|
| 044 |
|
|
|a xo
|c SK
|
| 080 |
|
|
|a 371:015(437.6)(048)
|2 1997
|
| 080 |
|
|
|a 015(437.6)(048)
|2 1997
|
| 100 |
1 |
|
|a Mihóková, Mária,
|d 1926-2016
|4 aut
|9 193865
|
| 245 |
1 |
0 |
|a Školské výročné správy
|c Mária Mihóková
|
| 650 |
0 |
7 |
|a správy školské výročné
|z Slovensko
|y 1918/1919-1952/1953
|x bibliografie registrujúce
|x recenzie
|2 snkbucl
|9 890853
|
| 655 |
|
7 |
|a články z novín a časopisov
|2 snkbucl
|9 267496
|
| 773 |
0 |
|
|t Knižnice a informácie
|g Roč. 31, č. 7 (1999), s. 272-273
|x 1210-096X
|
| 787 |
0 |
8 |
|i Rec.:
|a Gešková, Želmíra
|t Bibliografia výročných správ škôl z územia Slovenska za školské roky 1918/19-1952/53
|d Martin : Matica slovenská, 1998
|z 8070904976
|
| 850 |
|
|
|a Slovenská národná knižnica
|
| 852 |
|
|
|a Slovenská národná knižnica
|
| 954 |
|
|
|a odborná, vedecká literatúra pôvodná (slovenská)
|2 lita
|
| 958 |
|
|
|a article2022
|
| 958 |
|
|
|a SK
|
| 958 |
|
|
|a KL
|
| 958 |
|
|
|a OND
|
| 958 |
|
|
|a EUIPO
|
| 992 |
|
|
|a RBX
|
| 999 |
|
|
|c 2805367
|d 2807297
|